Dove sono i cannibali /

Gespeichert in:
Bibliographische Detailangaben
1. Verfasser: Carpi, Fabio (Verfasst von)
Format: Buch
Sprache:Italienisch
Veröffentlicht: Milano : Lerici, 1958
Schriftenreihe:Collana di narrativa ; 1
Tags: Tag hinzufügen
Keine Tags, Fügen Sie das erste Tag hinzu!

MARC

LEADER 00000nam a22000007i 4500
001 IT\ICCU\LIA\0087393
003 ItRI
005 20260115232248.0
008 780422s1958 it |||||| ||||| |||||c
040 |b ita  |c importazione bologna sebina 
041 7 |a ita  |2 ISO-639-2 
082 |a 853.914  |9 NARRATIVA ITALIANA, 1945-1999  |2 23 
100 1 |a Carpi, Fabio  |0 IT\ICCU\RAVV\035898  |4 aut 
245 1 0 |a Dove sono i cannibali /  |c Fabio Carpi. 
260 |a Milano :  |b Lerici,  |c 1958 
300 |a 195 p. ;  |c 21 cm 
500 |a BNI 58B4287 
830 0 |a Collana di narrativa ;  |v 1  |0 IT\ICCU\SBL\0489901 
942 |2 ddc  |c BK  |n 0 
952 |0 0  |1 0  |4 0  |6 DOC_853_914000000000000_CAR  |7 0  |9 23205  |a BO  |b BO  |d 2026-01-15  |i 792  |l 0  |o DOC 853.914 CAR  |p BO792  |r 2026-01-15 23:22:48  |w 2026-01-15  |x [Sebina 5] [1 v.]  |y BK  |z 1 v. 
999 |c 19789  |d 19789